| 000 | 00508nam a2200229Ia 4500 | ||
|---|---|---|---|
| 003 | IT-RoPAU | ||
| 008 | 120407s9999 xx 000 0 und d | ||
| 040 | _aIT-RoPAU | ||
| 040 | _cIT-RoPAU | ||
| 041 | _aita | ||
| 100 | _aH. M. Oger | ||
| 100 | _cop. | ||
| 245 | _aSpiritualità per il nostro tempo. Introduzione alla vita spirituale | ||
| 250 | _aModena | ||
| 260 | _aEdizioni Paoline | ||
| 260 | _c1966 | ||
| 300 | _c cm | ||
| 490 | _aVita q. | ||
| 490 | _v1 | ||
| 942 | _cBK | ||
| 999 |
_c13876 _d13876 |
||